000 00471nam a22001577a 4500
999 _c4192
_d4192
008 200724b ||||| |||| 00| 0 eng d
082 0 0 _a623.829
_bP9688
100 _91688
_aProut, Geoffrey.
245 1 0 _aSimple boat-building : rowing flattie, V-bottom dinghy, molded pram, hull for outboard
_cby Geoffrey. Prout,
250 _a1st ed.
260 _aGlasgow
_bBrown & Ferguson
_c1947
300 _axiii,137 p.
365 _d7.08
650 0 _aBoat Building
942 _cBK